The response of catholic youth to religion an all India study (Record no. 6148)
[ view plain ]
| 000 -LEADER | |
|---|---|
| fixed length control field | 00868 a2200229 4500 |
| 005 - DATE AND TIME OF LATEST TRANSACTION | |
| control field | 20080826112047.0 |
| 008 - FIXED-LENGTH DATA ELEMENTS--GENERAL INFORMATION | |
| fixed length control field | 080826t xxu||||| |||| 00| 0 eng d |
| 010 ## - LIBRARY OF CONGRESS CONTROL NUMBER | |
| LC control number | ENG-87157 |
| 020 ## - INTERNATIONAL STANDARD BOOK NUMBER | |
| International Standard Book Number | 8187060271 |
| Terms of availability | 250.00 |
| 035 ## - SYSTEM CONTROL NUMBER | |
| System control number | EN-70690 |
| 037 ## - SOURCE OF ACQUISITION | |
| Source of stock number/acquisition | DBAD / PUB |
| 082 ## - DEWEY DECIMAL CLASSIFICATION NUMBER | |
| Classification number | 280 |
| 100 ## - MAIN ENTRY--PERSONAL NAME | |
| Personal name | De Souza, Cyril |
| 245 ## - TITLE STATEMENT | |
| Title | The response of catholic youth to religion an all India study |
| Statement of responsibility, etc | by Cyril De Souza, Josantony Joseph and Johny Joseph |
| Remainder of title | Lord I believe increase my faith |
| 260 ## - PUBLICATION, DISTRIBUTION, ETC. (IMPRINT) | |
| Place of publication, distribution, etc | Mumbai |
| Name of publisher, distributor, etc | Don Bosco Communications |
| Date of publication, distribution, etc | 2005 |
| 270 ## - ADDRESS | |
| Address | Matunga, Mumbai |
| City | Mumbai |
| Postal code | 400 019 |
| 300 ## - PHYSICAL DESCRIPTION | |
| Extent | vii, 148p. |
| Dimensions | 24cm (pbk ) |
| 700 ## - ADDED ENTRY--PERSONAL NAME | |
| Personal name | Joseph, Josantony |
| 700 ## - ADDED ENTRY--PERSONAL NAME | |
| Personal name | Joseph, Johny |
| 942 ## - ADDED ENTRY ELEMENTS (KOHA) | |
| Institution code [OBSOLETE] | dpl |
| Koha item type | English Books |
| Call number prefix | 280 / DES |
| Source of classification or shelving scheme | Dewey Decimal Classification |
| Classification part | 280 |
| Call number suffix | DES |
| Withdrawn status | Lost status | Damaged status | Not for loan | Home library | Current library | Date acquired | Cost, normal purchase price | Total Checkouts | Full call number | Barcode | Date last seen | Copy number | Uniform Resource Identifier | Cost, replacement price | Price effective from | Koha item type |
|---|---|---|---|---|---|---|---|---|---|---|---|---|---|---|---|---|
| D.B.Act.Division | D.B.Act.Division | 26/08/2008 | 250.00 | 280 DES | EN-70690 | 15/09/2008 | 1 | 7000 | 250.00 | 15/09/2008 | English Books |
